| 000 | 00740nam a22002177a 4500 | ||
|---|---|---|---|
| 005 | 20150622142943.0 | ||
| 010 | _aENG-112871 | ||
| 020 |
_c450.00 _a9789350351574 |
||
| 035 | _aEN-96403 | ||
| 037 | _bDBAD/PUB | ||
| 082 | _a344.5401 | ||
| 100 | _aKumar, H.L. | ||
| 245 |
_aLabour problems & remedies : _cby H.L.Kumar [and] Gaurav Kumar _ba ready referencer to handle day-to-day labour problems based on decided cases / |
||
| 250 | _a10th ed | ||
| 260 |
_a Delhi _bUniversal Law Publishing _c2012 |
||
| 270 |
_aC-FF-1A, Dilkhush Industrial Estate, G.T Karnal Road, _bDelhi _e110033 |
||
| 300 |
_alxvii,343p. _c24cm(pbk) |
||
| 500 | _aIncludes index | ||
| 700 | _a Gaurav Kumar | ||
| 942 |
_2ddc _cEN _mKUM _h3445401 |
||
| 999 |
_c93342 _d93342 |
||